| 000 -LEADER |
| fixed length control field |
00491cam a2200169 4500 |
| 005 - DATE AND TIME OF LATEST TRANSACTION |
| control field |
20131115084909.0 |
| 008 - FIXED-LENGTH DATA ELEMENTS--GENERAL INFORMATION |
| fixed length control field |
720210s1971 ne 000 0 eng |
| 041 0# - LANGUAGE CODE |
| Language code of text/sound track or separate title |
eng |
| 080 ## - UNIVERSAL DECIMAL CLASSIFICATION NUMBER |
| Universal Decimal Classification number |
341 |
| 245 00 - TITLE STATEMENT |
| Title |
Aerial piracy and international law / |
| Statement of responsibility, etc |
by Edward McWhinney |
| 260 ## - |
| -- |
Leiden, |
| -- |
Sijthoff; |
| -- |
Dobbs Ferry, N.Y., |
| -- |
Oceana Publications, |
| -- |
1971. |
| 300 ## - |
| -- |
213 f. |
| -- |
24 cm. |
| 650 #0 - |
| -- |
E drejta ndërkombëtare |
| 650 #0 - |
| -- |
Piratëria |
| 700 1# - |
| -- |
McWhinney, Edward. |
| 942 ## - ADDED ENTRY ELEMENTS (KOHA) |
| Source of classification or shelving scheme |
|
| Item type |
Books |